|
|
|
|
| LEADER |
00000nam a22000007a 4500 |
| 005 |
2021042004214.0 |
| 007 |
cr|||| |||| |
| 008 |
210420s2015 co |||||s|||| 00||0 spa d |
| 020 |
|
|
|a 978-958-665-343-5
|
| 035 |
|
|
|a 33212
|
| 040 |
|
|
|a vLex
|
| 090 |
|
|
|c 11481
|d 11481
|
| 100 |
1 |
|
|a Arias Holgun̕, Diana Patricia
|
| 245 |
1 |
0 |
|a ¿Reformar o abolir el sistema penal?
|h [Recurso electrn̤ico] /
|c Diana Patricia Arias Holgun̕
|
| 256 |
|
|
|a Servicio en ln̕ea
|
| 260 |
|
|
|a Bogot:̀
|b Siglo del Hombre Editores,
|c 2015
|
| 300 |
|
|
|a 1 recurso electrn̤ico
|
| 500 |
|
|
|a La obra ren︢e un conjunto de trabajos de investigacin̤ que abordan una temt̀ica comn︢ en el mundo occidental: el debate polt̕ico y moral sobre el castigo penal. Las disertaciones en torno al castigo penal se construyen aqu ̕a partir de rigurosos anl̀isis que atraviesan la filosofa̕ moral, la polt̕ica, la criminologa̕ y el derecho penal y que, pese a su diversidad, encuentran un denominador comn︢: la indignacin̤ frente al sufrimiento producido en esa institucin̤ total que es la prisin̤ y la insistencia en que la expresin̤ de las ideas acerca del castigo son un modo de reivindicar que esa administracin̤ y esa ejecucin̤ del sufrimiento humano no se hace en nombre de todos.
|
| 506 |
1 |
|
|a Disponible solo en los productos indicados
|d vLex Global
|d vLex Global (Academic Edition, excluding Law Schools)
|d vLex Global (U.S. Academic Edition, Law Schools)
|d vLex Global (U.S. Academic Edition, excluding Law Schools)
|d vLex Global (Academic Edition, Law Schools)
|
| 650 |
0 |
4 |
|a Derecho Penal
|z Colombia
|
| 650 |
0 |
4 |
|a Normativa Penitenciaria
|z Colombia
|
| 650 |
0 |
4 |
|a Procedimiento Penal
|z Colombia
|
| 740 |
0 |
|
|a vLex Libros (Servicio en ln̕ea)
|
| 856 |
4 |
0 |
|u https://vlex.com/source/-reformar-o-abolir-el-sistema-penal--33212
|z Acceso restringido
|
| 942 |
|
|
|c BOOK
|
| 999 |
0 |
|
|a Criminal Law
|
| 999 |
0 |
|
|a Penitentiary Regulations
|
| 999 |
0 |
|
|a Criminal Procedure
|